000 00635nam a2200205 a 4500
008
020 _a062018907x (pbk.)
049 0 _aMAIN
090 _aHG 4026.B8 VEL
100 1 _aVelleman, Errol C.
245 1 0 _aBusiness budgeting :
_ban introduction to budget preparation /
_cErrol C. Velleman C, A.(S A)
260 _aPretoria :
_bPacfin,
_c1994.
300 _a68 p. :
_bill. ;
_c21 cm.
650 0 _aBudget in business
_xProblems, exercises, etc.
907 _a.b1022841x
_b31-01-07
_c31-01-07
003
005 20230123134346.0
040 _cNUST
942 _cBOOKS
_kHG 4026.B8 VEL
999 _c164527
_d164527